<?xml version="1.0" encoding="UTF-8"?>
<marc:record xmlns:marc="http://www.loc.gov/MARC21/slim">
   <marc:leader>00000nam a2200000 a 4500</marc:leader>
   <marc:datafield ind1="1" ind2=" " tag="100">
      <marc:subfield code="a">Kidd, Sue Monk</marc:subfield>
      <marc:subfield code="4">aut</marc:subfield>
      <marc:subfield code="e">Verfasser/-in</marc:subfield>
   </marc:datafield>
   <marc:datafield ind1="1" ind2=" " tag="100">
      <marc:subfield code="a">Schwaab, Judith</marc:subfield>
      <marc:subfield code="4">trl</marc:subfield>
      <marc:subfield code="e">Übersetzer/-in</marc:subfield>
   </marc:datafield>
   <marc:datafield ind1=" " ind2=" " tag="653">
      <marc:subfield code="a">Bibel</marc:subfield>
   </marc:datafield>
   <marc:datafield ind1=" " ind2=" " tag="653">
      <marc:subfield code="a">Jesus</marc:subfield>
   </marc:datafield>
   <marc:datafield ind1=" " ind2=" " tag="653">
      <marc:subfield code="a">Jerusalem</marc:subfield>
   </marc:datafield>
   <marc:datafield ind1=" " ind2=" " tag="653">
      <marc:subfield code="a">Historischer Roman</marc:subfield>
   </marc:datafield>
   <marc:datafield ind1=" " ind2=" " tag="653">
      <marc:subfield code="a">Jesus von Nazareth</marc:subfield>
   </marc:datafield>
   <marc:datafield ind1=" " ind2=" " tag="653">
      <marc:subfield code="a">New York Times Bestseller</marc:subfield>
   </marc:datafield>
   <marc:datafield ind1=" " ind2=" " tag="653">
      <marc:subfield code="a">Die Erfindung der Flügel</marc:subfield>
   </marc:datafield>
   <marc:datafield ind1=" " ind2=" " tag="653">
      <marc:subfield code="a">Frauen der Bibel</marc:subfield>
   </marc:datafield>
   <marc:datafield ind1=" " ind2=" " tag="653">
      <marc:subfield code="a">Liebesgeschichte</marc:subfield>
   </marc:datafield>
   <marc:datafield ind1="0" ind2="0" tag="245">
      <marc:subfield code="a">Das Buch Ana</marc:subfield>
   </marc:datafield>
   <marc:datafield ind1="0" ind2="0" tag="245">
      <marc:subfield code="b">Roman</marc:subfield>
   </marc:datafield>
   <marc:datafield ind1="0" ind2="0" tag="245">
      <marc:subfield code="c">Sue Monk Kidd</marc:subfield>
   </marc:datafield>
   <marc:datafield ind1=" " ind2="1" tag="264">
      <marc:subfield code="a">München</marc:subfield>
      <marc:subfield code="b">btb</marc:subfield>
      <marc:subfield code="c">2020</marc:subfield>
   </marc:datafield>
   <marc:datafield ind1=" " ind2=" " tag="250">
      <marc:subfield code="a">Deutsche Erstausgabe</marc:subfield>
   </marc:datafield>
   <marc:datafield ind1="1" ind2=" " tag="520">
      <marc:subfield code="a">Angaben aus der Verlagsmeldung ## ##  Das Buch Ana : Roman The book of Longings / von Sue Monk Kidd ## #Mein Name ist Ana. Ich war die Frau von Jesus aus Nazareth. ## #So beginnt der lange erwartete neue Roman von Bestsellerautorin Sue Monk Kidd. Es ist die spannende und berührende fiktive Lebensgeschichte von Ana, der Ehefrau von Jesus. Die Erzählung setzt im Jahr 16 nach Christus ein, im von den Römern besetzten Galiläa. Dort wächst Ana in einer wohlhabenden jüdischen Familie auf. Sie ist ein kluges Mädchen mit rebellischem Geist und messerscharfem Verstand. Ana lernt Lesen und Schreiben, studiert die Thora und beginnt heimlich die Geschichten der vergessenen Frauen der Heiligen Schrift aufzuzeichnen: Eva, Sarah, Rebecca, Rachel und Ruth. Als Ana vierzehn ist, soll sie an einen alten Witwer verheiratet werden, doch sie lernt auf dem Markt einen jungen Mann mit dunklen Locken und einer großen Sehnsucht in den Augen kennen, der ihre wahre Bestimmung wird ... ## #Wie keine andere Autorin versteht es Sue Monk Kidd, Frauen eine Stimme zu geben, die sich dem Rollenverständnis ihrer Zeit widersetzen. Ihre Heldin Ana erschreibt sich ihre Freiheit, und sie schreibt die Geschichte, die wir alle zu kennen glauben, neu.</marc:subfield>
   </marc:datafield>
   <marc:datafield ind1=" " ind2=" " tag="020">
      <marc:subfield code="a">9783442759033</marc:subfield>
      <marc:subfield code="9">9783442759033</marc:subfield>
   </marc:datafield>
   <marc:datafield ind1=" " ind2=" " tag="041">
      <marc:subfield code="a">ger</marc:subfield>
   </marc:datafield>
   <marc:datafield ind1=" " ind2=" " tag="300">
      <marc:subfield code="a">576 Seiten</marc:subfield>
   </marc:datafield>
</marc:record>
